Movies By 1 Actor and 1 Actress - Nicolas Cage - Statistics

General Stats
  • This quiz has been taken 10 times
  • The average score is 16 of 31
Answer Stats
Cast Movie % Correct
Holly Hunter, John Goodman Raising Arizona
100%
John Travolta, Joan Allen Face/Off
88%
Cher, Danny Aiello Moonstruck
88%
Sean Connery, Vanessa Marcil The Rock
88%
Eva Mendes, Sam Elliott Ghost Rider
75%
Angelina Jolie, Robert Duvall Gone in 60 Seconds
75%
Elizabeth Shue, Julian Sands Leaving Las Vegas
75%
Diane Kruger, Harvey Keitel National Treasure
75%
Meryl Streep, Chris Cooper Adaptation
63%
Adam Arkin, Cassandra Violet Pig
63%
Gary Sinise, Carla Gugino Snake Eyes
63%
Joaquin Phoenix, Catherine Keener 8MM
50%
Patricia Arquette, Tom Sizemore Bringing Out the Dead
50%
John Malkovich, Rachel Ticotin Con Air
50%
Bridget Fonda, Stanley Tucci It Could Happen to You
50%
Aaron Taylor Johnson, Chloe Grace Moretz Kick-Ass
50%
Jim Carrey, Joan Allen Peggy Sue Got Married
50%
Nicholas Hoult, Awkwafina Renfield
50%
Emma Stone, Ryan Reynolds The Croods
50%
Pedro Pascal, Viola Davis The Unbearable Weight of Massive Talent
50%
Ethan Hawke, Bridgette Moynahan Lord of War
38%
Matt Dillon, Diane Lane Rumble Fish
38%
Richard Gere, Diane Lane The Cotton Club
38%
Emily Tosta, Ric Reitz Willy's Wonderland
38%
Michael Pena, Maggie Gyllenhaal World Trade Center
38%
Matthew Modine, Karen Young Birdy
25%
Joely Richardson, Tommy Chong Color Out of Space
25%
Sam Rockwell, Penelope Cruz G-Force
25%
Andrea Riseborough, Bill Duke Mandy
25%
Dennis Hopper, Lara Flynn Boyle Red Rock West
25%
Hope Davis, Michael Caine The Weather Man
25%
No matching quizzes found
Score Distribution
Percent of People with Each Score
Percentile by Number Answered
Your Score History
You have not taken this quiz